Introduction to comparative law / (Record no. 11743)

MARC details
000 -LEADER
fixed length control field 00756cam a22002412 4500
001 - CONTROL NUMBER
control field 0000025483
005 - DATE AND TIME OF LATEST TRANSACTION
control field 20151217154549.0
008 - FIXED-LENGTH DATA ELEMENTS--GENERAL INFORMATION
fixed length control field 151001s xx 000 0 eng d
020 ## - INTERNATIONAL STANDARD BOOK NUMBER
International Standard Book Number 0198268598 :
040 ## - CATALOGING SOURCE
Original cataloging agency KABU
Transcribing agency KABU
100 1# - MAIN ENTRY--PERSONAL NAME
Personal name Zweigert, Konrad,
Dates associated with a name 1911-1966.
-- 0000186141
245 10 - TITLE STATEMENT
Title Introduction to comparative law /
Statement of responsibility, etc. by Konrad Zweigert and Hein Kotz, translated by Tony Weir.
250 ## - EDITION STATEMENT
Edition statement 3rd Rev. ed.
260 ## - PUBLICATION, DISTRIBUTION, ETC. (IMPRINT)
Place of publication, distribution, etc. Oxford :
Name of publisher, distributor, etc. OUP,
Date of publication, distribution, etc. 1998.
300 ## - PHYSICAL DESCRIPTION
Extent xxvi, 714 p.
650 #0 - SUBJECT ADDED ENTRY--TOPICAL TERM
Topical term or geographic name as entry element Comparative law.
-- 0000160050
650 #0 - SUBJECT ADDED ENTRY--TOPICAL TERM
Topical term or geographic name as entry element Civil law.
-- 0000183477
700 1# - ADDED ENTRY--PERSONAL NAME
Personal name Kotz, Hein.
-- 0000186142
700 1# - ADDED ENTRY--PERSONAL NAME
Personal name Weir, Tony.
-- 0000160144
852 1# - LOCATION
-- p11500 KES
908 ## - PUT COMMAND PARAMETER (RLIN)
Put command parameter 151001
950 ## - LOCAL HOLDINGS (RLIN)
-- 1
Holdings
Withdrawn status Lost status Source of classification or shelving scheme Not for loan Home library Current library Date acquired Total Checkouts Full call number Barcode Date last seen Price effective from Koha item type Cost, normal purchase price Copy number
    Library of Congress Classification   Kabarak, Main Campus Kabarak, Main Campus 17/12/2015   K583 .Z84 1998 c. 1 020564 17/12/2015 17/12/2015 General Collection    
    Library of Congress Classification   Kabarak, Main Campus Kabarak, Main Campus 17/12/2015   K583 .Z84 1998 c. 2 028133 25/01/2020 17/12/2015 General Collection 5852.00 c. 2
    Library of Congress Classification   Kabarak, Main Campus Kabarak, Main Campus 17/12/2015   K583 .Z84 1998 c. 3 028134 25/01/2020 17/12/2015 General Collection 5852.00 c. 3
Designed with assistance from East African Informatics Ltd